=LDR 00000nam 2200000 4500 =001 INLIS000000000057080 =005 20201127085310 =035 ##$$a 0010-1120000151 =007 ta =008 201127################g##########0#ind## =082 ##$$a 328.598 077 =084 ##$$a 328.598 077 KET k =245 ##$$a Ketetapan-ketetapan : $b Majelis permusyawaratan rakyat Republik Indonesia Maret 1988 =260 ##$$a Jakarta :$b Republik Indonesia,$c 1988 =300 ##$$a 123 hlm. ; $c 20 x 14 cm. =650 #4$$a Ketetapan - MPR RI =700 #$$a Republik Indonesia =990 ##$$a 28.461/Hd-88 =990 ##$$a 28.461/Hd-88